000 00710cam a22002533a 4500
001 33892
003 PGUSA
005 20140828083731.0
008 101030s2010||||xxu|||||s|||||000 1 eng d
040 _aPGUSA
_beng
042 _adc
050 4 _aPT
100 1 _aSudermann, Hermann,
_d1857-1928
245 1 0 _aRegina, or the Sins of the Fathers
_h[electronic resource] /
_cHermann Sudermann
260 _bProject Gutenberg,
_c2010
506 _aPublic domain in the USA.
516 _aElectronic text
653 _aFiction
700 1 _aMarshall, Beatrice
740 0 _aDer Katzensteg. English
830 0 _aProject Gutenberg
_v33892
856 4 0 _uhttp://www.gutenberg.org/ebooks/33892
942 _cEB
999 _c263147
_d263147